| 000 | 00349nam a22001337a 4500 | ||
|---|---|---|---|
| 040 | _cNUST | ||
| 082 | _a891.4392,BAN | ||
| 100 | _aBano, Qudsia | ||
| 245 |
_aHawwa Ke Naam / حوا کے نام (Urdu) / _cBano Qudsia |
||
| 260 |
_aLahore _bSang-e-Meel Pub _c2015 |
||
| 300 | _a412 p.; | ||
| 650 | _2Urdu Literature | ||
| 942 |
_2ddc _cBK _k891.4392,BAN |
||
| 999 |
_c593646 _d593646 |
||